Centenari del romanticisme : I conferència - concert, divendres 4 d'abril 1930 I conferència - concert, divendres 4 d'abril 1930
Descripción Física:
[8] p. ; 19 cm
Materias:
Romanticisme -- Barcelona -- Congressos
MARC
| LEADER | 00000nam a2200000Ia 4500 | ||
|---|---|---|---|
| 001 | 20355 | ||
| 008 | 160829s1930 xx 000 0 cat d | ||
| 080 | |a RF-7-70 | ||
| 245 | |a Centenari del romanticisme : |b I conferència - concert, divendres 4 d'abril 1930 | ||
| 260 | |a Barcelona : |b Tipografia Occitània, |c 1930 | ||
| 300 | |a [8] p. ; |c 19 cm | ||
| 590 | |a A la coberta: Saló de festes del Gran Teatre del Liceu, a dos quarts de set del vespre. | ||
| 590 | |a Inclou el programa i comentaris sobre les obres del programa. | ||
| 590 | |a Prové de 4195, exp. 56 | ||
| 650 | |a Romanticisme |x Barcelona |x Congressos |9 48010 | ||
| 710 | 2 | |a Gran Teatre del Liceu |9 55976 | |
| 856 | 4 | |u https://media.diba.cat/diba/fitxers/arxiu/fulletons/bib_20355_1930_baixa.pdf |y Accés lliure | |
| 856 | 4 | |u https://media.diba.cat/diba/fitxers/arxiu/fulletons/bib_20355_1930_baixa.pdf |y Accés lliure | |
| 901 | |a Arxiu | ||
| 942 | |n 1 |2 udc | ||
| 952 | |0 0 |1 0 |4 0 |6 RF770 |7 1 |9 54272 |a Arxiu |b Arxiu |d 2016-12-01 |l 0 |o RF-7-70 |p 20355 |r 2016-12-01 00:00:00 |w 2016-12-01 |y ARXIU | ||
| 999 | |c 58141 |d 58141 | ||
| 900 | |a bib_20355_1930_baixa.pdf | ||